000 01008 a2200229 4500
003 Nust
005 20221019181424.0
010 _a 87027609
020 _a0824778324
040 _cNust
082 0 0 _a620.00151535,WHA
100 _aJohn R. Brauer.
_9100906
245 0 0 _aWhat every engineer should know about finite element analysis /
_cedited by John R. Brauer.
260 _aNew York :
_bM. Dekker,
_cc1988.
300 _aix, 219 p., 2 p. of plates :
_bill. (some col.) ;
_c24 cm.
440 0 _aWhat every engineer should know ;
_vv. 23
_982854
505 _aHistory And Development (Page-1), Basic Finite Element Concepts (Page-7), Structural Analysis (Page-19), Thermal Analysis (Page-85), Electromagnetic Analysis (Page-113), Fluid Analysis (Page-177), Hardware-Software Considerations (Page-197), Professional Practice And Future Potential (Page-207).
650 0 _aFinite element method.
700 1 _aBrauer, John R.,
_d1943-
_9100907
740 0 _aFinite element analysis.
942 _2ddc
_cBK
999 _c193522
_d193522